zpět

Detail výsledku týmu

IP Submarine, Praha

Datum a čas kvízu

35.5 Celkem bodů Celkový počet nahraných bodů na tomto kvízu bez doplňovacích otázek.
2. Pořadí na kvízu Konečné umístění týmu na tomto kvízu.

Zaznamenané odpovědi

# Otázka Odpověď Body Výsledky
1. Pouhé modlení už nestačí. Býva... Koláček 1
2. Saúdská Arábie jmenovala svoji... Spojené státy americké 1
3. Jak se nazývá snímek, který v... Zelená kniha 1
4. V úterý byla v České republice... Apple Pay 1
5. Úřadující mistr světa v automo... Zlatý volant 1
6. Cestovatel Miroslav Zikmund os... Tatra 87 0
7. Na začátku své výpravy, dne 8.... Casablanca, Maroko 1
8. Cestovatelé si samozřejmě nemo... Zambezi 1
9. V prvním červencovém týdnu se... Copacabana 1
10. Kdo by se chtěl o výpravách ob... ve Zlíně 0